Trh práce - teoretický prístup

Subjekty na trhu práce. Domácnosti, firmy, odbory a štát vstupujú do vzájomných vzťahov a podieľajú sa na vytváraní makroekonomickej rovnováhy. Trh práce v jednotlivých teoretických koncepciách. Keynesovský prístup. Trh práce v modeli IS-LM. Krivka IS-LM pri pružných mzdách. Fiškálna politika pri ne...

Descrizione completa

Salvato in:
Dettagli Bibliografici
Autore principale: Hontyová, Kajetána
Altri autori: Táncošová, Judita
Natura: Capitolo di libro
Lingua:slovacco
Soggetti:
Tags: Aggiungi Tag
Nessun Tag, puoi essere il primo ad aggiungerne!!

MARC

LEADER 00000naa a2200000 4500
001 r018870
005 20221205101537.1
041 0 |a slo 
044 |a SK 
245 1 0 |a Trh práce - teoretický prístup  |c Kajetana Hontyová, Judita Táncošová 
520 |a Subjekty na trhu práce. Domácnosti, firmy, odbory a štát vstupujú do vzájomných vzťahov a podieľajú sa na vytváraní makroekonomickej rovnováhy. Trh práce v jednotlivých teoretických koncepciách. Keynesovský prístup. Trh práce v modeli IS-LM. Krivka IS-LM pri pružných mzdách. Fiškálna politika pri nepružných mzdách. Monetárna politika pri nepružných mzdách. Trh práce a teória racionálnych očakávaní. 
610 2 0 |a trh práce 
610 2 0 |a domácnosti 
610 2 0 |a firmy 
610 2 0 |a štát 
610 2 0 |a odbory 
610 2 0 |a rovnováha hospodárska 
610 2 0 |a makroekonomika 
610 2 0 |a koncepcie 
610 2 0 |a miera nezamestnanosti 
610 2 0 |a mzdy 
610 2 0 |a politika fiškálna 
610 2 0 |a monetarizmus 
610 2 0 |a teória očakávaní racionálnych 
100 1 |a Hontyová, Kajetána 
700 1 |a Táncošová, Judita